Obálka Náhled e-knihy:
PDF Epub
Pro půjčování e-knih musíte být přihlášeni.
Jak si půjčit online?

Zachránená /

Savannah Smithová mala všetko. Slávu, peniaze, kariéru modelky – až kým jej jedna nehoda nezobrala to, čo si na sebe cenila najviac – krásu. So zjazvenou tvárou a zlomenou dušou opúšťa lesk veľkomesta a prichádza k otcovi do malého, ospalého mestečka uprostred kukuričných polí. Savannah nen...

Celý popis

Uloženo v:
Hlavní autor: Fortune, Rea (Autor)
Médium: E-kniha
Jazyk:Czech
Vydáno: Praha : Nakladatelství Solis s.r.o., 2024
Tagy:
Žádné tagy
LEADER 01983nam a22002297i 4500
001 312599
007 ta
008 260601s2024 xr ||||| |||| 00| 0 cze d
020 |a 9990004166127 
044 |a xr 
100 1 |a  Fortune, Rea  |4 aut 
245 1 0 |a Zachránená /  |c  Fortune, Rea 
264 1 |a Praha :  |b Nakladatelství Solis s.r.o.,  |c 2024 
300 |a 1 online zdroj (303 stran) 
336 |a text  |b txt  |2 rdacontent 
337 |a bez média  |b n  |2 rdamedia 
338 |a online zdroj  |b cr  |2 rdacarrier 
520 2 |a Savannah Smithová mala všetko. Slávu, peniaze, kariéru modelky – až kým jej jedna nehoda nezobrala to, čo si na sebe cenila najviac – krásu. So zjazvenou tvárou a zlomenou dušou opúšťa lesk veľkomesta a prichádza k otcovi do malého, ospalého mestečka uprostred kukuričných polí. Savannah nenávidí všetko a všetkých okolo seba. Svojho otca, svoju sestru, svoj odraz v zrkadle. Utopená v trpkosti a sebaľútosti spoznáva Rena Walkera, mladého automechanika s úsmevom, z ktorého by sa roztopila nejedna ženská duša. Ren sa nenechá odradiť jedovatým jazykom mladej modelky a ukáže jej, že jej hodnota nezávisí ani od zrkadla, ani od názoru ostatných, predovšetkým jej despotickej matky. Dokáže sa Savannah postaviť za seba a nájsť lásku – nielen k Renovi, ale predovšetkým k sebe samej? Horúci romantický príbeh o znovuobjavení sebahodnoty, sile seba prijatia a o tom, že niekedy musíte stratiť všetko, aby ste našli to, na čom naozaj záleží. 
910 |a RBIT002 
998 |d 416612  |a https://core.palmknihy.cz/api/books/416612/cover?son5ng  |b https://core.palmknihy.cz/api/books/416612/cover/400?son5ng  |c https://core.palmknihy.cz/api/books/416612/cover/50?son5ng  |e 2030-12-31  |g 303  |i 9990004166127  |j https://core.palmknihy.cz/api/books/416612/preview.epub  |k https://core.palmknihy.cz/api/books/416612/preview.pdf  |l   |q 49  |r 1  |s https://www.palmknihy.cz/kniha/416612  |t ebook  |y 2024  |z 1 
999 |d 312597